Davidson's principles and practice of medicine; A textbook for Students and Doctors (Record no. 7475)

MARC details
000 -LEADER
fixed length control field 01384cam a22003494a 4500
001 - CONTROL NUMBER
control field 12896225
003 - CONTROL NUMBER IDENTIFIER
control field OSt
005 - DATE AND TIME OF LATEST TRANSACTION
control field 20211115103200.0
008 - FIXED-LENGTH DATA ELEMENTS--GENERAL INFORMATION
fixed length control field 020815s2002 stka b 001 0 eng
010 ## - LIBRARY OF CONGRESS CONTROL NUMBER
LC control number 2002031430
020 ## - INTERNATIONAL STANDARD BOOK NUMBER
International Standard Book Number 0443040567
035 ## - SYSTEM CONTROL NUMBER
System control number (DNLM)101152283
040 ## - CATALOGING SOURCE
Original cataloging agency DNLM/DLC
Transcribing agency DLC
Modifying agency DLC
042 ## - AUTHENTICATION CODE
Authentication code pcc
050 00 - LIBRARY OF CONGRESS CALL NUMBER
Classification number RC46
Item number .D24 2002
060 10 - NATIONAL LIBRARY OF MEDICINE CALL NUMBER
Classification number WB 100
Item number D253 2002
082 00 - DEWEY DECIMAL CLASSIFICATION NUMBER
Classification number WB 100E95d 1991
245 00 - TITLE STATEMENT
Title Davidson's principles and practice of medicine; A textbook for Students and Doctors
Statement of responsibility, etc. Edited by C.R.W Edwards, I.A.D Bouchier, C. Haslett,
246 30 - VARYING FORM OF TITLE
Title proper/short title Principles and practice of medicine
250 ## - EDITION STATEMENT
Edition statement 15th ed. /
Remainder of edition statement editors, Christopher Haslett ... [et al.] ; international editor, John A.A. Hunter ; illustrated by Robert Britton.
260 ## - PUBLICATION, DISTRIBUTION, ETC. (IMPRINT)
Place of publication, distribution, etc. Edinburgh ;
-- New York :
Name of publisher, distributor, etc. Churchill Livingstone,
Date of publication, distribution, etc. 1991
300 ## - PHYSICAL DESCRIPTION
Extent x, 1203 p. :
Other physical details ill. (chiefly col.) ;
Dimensions 27 cm.
500 ## - GENERAL NOTE
General note "50th anniversary ed."--Front cover.
504 ## - BIBLIOGRAPHY, ETC. NOTE
Bibliography, etc Includes bibliographical references and index.
650 #0 - SUBJECT ADDED ENTRY--TOPICAL TERM
Topical term or geographic name as entry element Internal medicine.
9 (RLIN) 849
650 12 - SUBJECT ADDED ENTRY--TOPICAL TERM
Topical term or geographic name as entry element Medicine.
9 (RLIN) 324
700 1# - ADDED ENTRY--PERSONAL NAME
Personal name Davidson, Stanley,
Titles and other words associated with a name Sir,
Dates associated with a name 1894-1981.
9 (RLIN) 850
700 1# - ADDED ENTRY--PERSONAL NAME
Personal name Haslett, C.
Fuller form of name (Christopher)
9 (RLIN) 851
906 ## - LOCAL DATA ELEMENT F, LDF (RLIN)
a 7
b cbc
c orignew
d 1
e ocip
f 20
g y-gencatlg
942 ## - ADDED ENTRY ELEMENTS (KOHA)
Source of classification or shelving scheme Dewey Decimal Classification
Koha item type Open Shelf
Holdings
Withdrawn status Lost status Source of classification or shelving scheme Damaged status Not for loan Home library Current library Date acquired Source of acquisition Inventory number Total Checkouts Full call number Barcode Date last seen Price effective from Koha item type
    Dewey Decimal Classification     MUST Main Library MUST Main Library 15/11/2021 Purchase 131   WB 100E95d 1991 2021-1681 15/11/2021 15/11/2021 Open Shelf